Quartos colocados da Copa do Mundo da FIFA - Statistics

Estatísticas Gerais
  • Esse quiz foi jogado 28 vezes
  • A pontuação média é 20 de 22
Estatísticas das Respostas
Ano Sedes Equipe % Correto
1974 Alemanha Ocidental Brasil
100%
2014 Brasil Brasil
100%
1990 Itália Inglaterra
100%
2018 Rússia Inglaterra
100%
1954 Suíça Uruguai
100%
1970 México Uruguai
100%
2010 África do Sul Uruguai
100%
2002 Coreia do Sul e Japão Coreia do Sul
96%
1950 Brasil Espanha
96%
2022 Catar Marrocos
96%
2006 Alemanha Portugal
96%
1958 Suécia Alemanha Ocidental
91%
1998 França Holanda
91%
1978 Argentina Itália
91%
1966 Inglaterra União Soviética
91%
1982 Espanha França
87%
1938 França Suécia
87%
1930 Uruguai Iugoslávia
83%
1962 Chile Iugoslávia
83%
1994 Estados Unidos Bulgária
78%
1986 México Bélgica
70%
1934 Itália Áustria
65%
Nenhum quiz correspondente encontrado
Distribuição das Pontuações
Porcentagem de Pessoas com Cada Pontuação
Percentil de Números Respondidos
Sua Pontuação Histórica
Você não jogou esse quiz